| 000 | 01320cad a22002295a 4500 | ||
|---|---|---|---|
| 001 | L138373 | ||
| 008 | 070601s2007 xxk f f000 0 eng d | ||
| 035 | _a(Sirsi) u138373 | ||
| 041 | 0 | _aeng | |
| 050 | 0 | 4 | _a333.72 $2 18 |
| 110 | 1 |
_aUnited Kingdom _bDepartment for Environment, Food and Rural Affairs |
|
| 245 | 0 | 0 |
_aBiomass strategy _h[electronic resource] |
| 260 |
_aLondon _bDEFRA _c2007 |
||
| 520 | _aSets out the UK Government?s approach to utilising biomass technologies for energy production. The intention is to achieve a major increase in the supply and use of biomass. A biomass and market supply chain is to be established. Technology development will be encouraged to optimise energy yield. The purpose is to contribute toward UK carbon emission reduction targets and to make this fuel source competitive. An additional 1m tonnes will be sourced per year. The amount of energy crops will be increased. Supply from organic waste materials is to be increased. | ||
| 590 | _aKA | ||
| 650 | 2 | 4 | _aENERGY REVIEW |
| 650 | 2 | 4 | _aCLIMATE CHANGE BILL 2007 |
| 651 | 4 |
_aUnited Kingdom _y |
|
| 690 | _aENVIRONMENTAL AND LAND CONSULTANCY-ENERGY | ||
| 856 | 4 | 0 |
_uhttps://www.defra.gov.uk/environment/climatechange/uk/energy/renewablefuel/index.htm _zView the item free of charge at www.defra.gov.uk... |
| 942 | _n0 | ||
| 999 |
_c107148 _d107148 |
||